[Event "IECG CE.2002.0.00023 email"]
[Site "IECG email"]
[Date "2002.01.29"]
[Round "?"]
[White "Garrigues, Marin"]
[Black "Bursian, Arnold"]
[Result "0-1"]
[WhiteElo "1200"]
[BlackElo "1305"]
[PlyCount "32"]
[EventDate "2002.01.29"]
[EventType "tourn (corr)"]
[EventRounds "6"]
[SourceTitle "Corr 2008"]
[Source "ChessBase"]
[SourceDate "2008.06.24"]
[SourceVersion "1"]
[SourceVersionDate "2008.06.24"]
[SourceQuality "1"]

1. e4 c5 2. c3 d5 3. exd5 Qxd5 4. d4 g6 5. dxc5 Qxd1+ 6. Kxd1 Nf6 7. Nf3 Bg7 8. Be3 0-0 9. h3 Rd8+ 10. Nbd2 Nc6 11. Bb5 Bf5 12. Bxc6 bxc6 13. Re1 Rab8 14. Kc1 Nd5 15. g4 Bd3 16. Nd4 Rdc8 0-1